000 00667nam a2200205Ia 4500
001 12234
003 GE_BSU
008 181216s||||||||xx |||||||||||||| ||und||
040 _cGE_BSU
080 _a58(069)
100 _aБашинджакели,Н.Д.
245 _aДеревья и кустарники Тбилисского ботанического сада
245 _cРед.М.А.Гоголишвили
260 _aТбилиси
260 _bМецниереба
260 _c1971
300 _a169стр.ил.25см.
653 _aДеревья и кустарники Тбилисского ботанического сада
942 _cBK
999 _c45410
_d45410